Portugal National Team Soccer Players - Statistics

General Stats
  • This quiz has been taken 128 times
  • The average score is 10 of 15
Answer Stats
Hint Answer % Correct
GOAT Cristiano Ronaldo
99%
MAN CITY PLAYER Bernardo Silva
89%
MAN CITY CB Ruben Dias
85%
MAN UTD CAM Bruno Fernandes
83%
ONE OF THE BEST RBS CITY PLAYER Joao Cancelo
79%
YOUNG ATLETI STRIKER Joao Felix
73%
GK MOVED FROM WOLVES TO ROMA Rui Patricio
64%
HAD A BIG GLOW UP PLAYING WISE-LIVERPOOL PLAYER Diogo Jota
63%
PLAYE FOR MAN UTD WITH RONALDO WHEN THEY WERE YOUNG Nani
59%
PLAYED FOR BAYERN NOW LILLE Renato Sanches
50%
PLAYS FOR BENFICA-RW Rafa
48%
YOUNGER WOLVES MIDFIELDER Ruben Neves
48%
MOVED FROM EINTRACHT TO LEIPZIG Andre Silva
47%
RB FOR MAN UTD AND GOT LOANED OUT Diogo Dalot
45%
WOLVES MIDFIELDER Joao Moutinho
45%
No matching quizzes found
Score Distribution
Percent of People with Each Score
Percentile by Number Answered
Your Score History
You have not taken this quiz